000 00352nam a2200145Ia 4500
008 230917s9999||||xx |||||||||||||| ||und||
040 _e49965
_aMAIN
041 _aEnglish
082 _a200.1 A47M
100 _aAkhilananda
245 0 _aModern problems and religions
260 _aBoston
_bBruce Humpheries
_c1964
300 _a154 p.
942 _cBK
999 _c206993
_d206993